书目信息 |
| 书名: | 2006 CALIFORNIA ENVIRONMENTAL QUALITY ACT STATUTES AND GUIDELINES | |
| 作者: | ASSOCIATION OF ENVIRONMENTAL PRFESSIONALS. | |
| 分册号: | ||
| 分册名: | 出版地: |
|
| 出版社: | ||
| 出版时间: | 2006. | |
| 页数: | 284 p. ; | |
| 开本: | 20cm. | |
| 丛书名: | ||
| 中图分类号: | ||
| 科图分类号: | ||
| 其他分类号: | X8 | |
| 主题词: | ||
| 电子资源: | ||
| 000 | 00442nam 2200145 a 4500 | |
| 001 | E0740034848 | |
| 005 | 20070712100300.76 | |
| 008 | 070710s2006 00010 eng | |
| 040 | @aPFT@beng | |
| 090 | @aX8 | |
| 099 | @dX8@ex32 | |
| 245 | @a2006 CALIFORNIA ENVIRONMENTAL QUALITY ACT STATUTES AND GUIDELINES / @cASSOCIATION OF ENVIRONMENTAL PRFESSIONALS. | |
| 260 | @c2006. | |
| 300 | @a284 p. ;@c20cm. | |
| 710 | @aASSOCIATION OF ENVIRONMENTAL PRFESSIONALS | |
| 2006 CALIFORNIA ENVIRONMENTAL QUALITY ACT STATUTES AND GUIDELINES / / ASSOCIATION OF ENVIRONMENTAL PRFESSIONALS.-2006. |
| 284 p. ; ; 20cm. |
| ISBN |
| ● |
| 相关链接 |
|
|
|
|
正题名:2006 CALIFORNIA ENVIRONMENTAL QUALITY ACT STATUTES AND GUIDELINES
索取号:X8/x32
 
预约/预借
| 序号 | 登录号 | 条形码 | 馆藏地/架位号 | 状态 | 备注 |
| 1 | 11429 | 300114294 | 密集书库/ [索取号:X8/x32] | 在馆 |